000 00636cab a2200217 4500
001 WB3139-06
008 090401t1995 xxu||||| |||| 00| 0 eng d
035 _a(Sirsi) u2657
041 _aeng
245 _aBurford to demerge Trocadero
260 _c1995
350 _a0
490 _aFinancial Times
_v17 October 1995, 22(1)
520 _aBurford Holdings announced plans to demerge the Trocadero in which it is creating a VR theme park in a joint venture with Sega.
650 _aBURFORD HOLDINGS
650 _aDEMERGER
650 _aTROCADERO
690 _aPROPERTY-COMMERCIAL PROPERTY
942 _n0
948 _c04/03/1997
999 _c1600
_d1600